Le top 5 du Ballon d'Or par année - Statistiques

Statistiques générales
  • Ce quiz a été pris 522 fois
    203 depuis la dernière actualisation
  • Le résultat moyen est 37 sur 63
Statistiques - réponses
Année 5EME % Correct
Ousmane Dembélé
99%
2000 Lionel Messi
98%
Cristiano Ronaldo
97%
Karim Benzema
95%
Kylian Mbappé
94%
Lamine Yamal
94%
2013 Ronaldo
94%
Rodri
91%
Luka Modrić
87%
Mohamed Salah
86%
Erling Haaland
85%
Neymar
85%
Vitinha
85%
Vinicius Jr.
83%
Andrés Iniesta
82%
Antoine Griezmann
80%
2007 Ronaldinho
80%
2001 Kaká
78%
Robert Lewandowski
78%
Xavi
78%
2023 Zinédine Zidane
78%
Frank Ribéry
76%
Manuel Neuer
76%
2003 Fabio Cannavaro
74%
Virgil Van Dijk
73%
Sadio Mané
71%
Raphinha
69%
2021 Thierry Henry
66%
2002 Gianluigi Buffon
64%
2024 Luís Figo
62%
2010 Pavel Nedvěd
62%
2022 Andriy Shevchenko
61%
2019 Jude Bellingham
61%
Kevin De Bruyne
60%
Luis Suárez
58%
2018 Michael Owen
57%
Jorginho
55%
Arjen Robben
54%
2020 Alessandro Nesta / Rivaldo
53%
Dani Carvajal
52%
2009 Paolo Maldini
50%
2004 Steven Gerrard
49%
2005 Frank Lampard
48%
Thomas Müller
47%
N'Golo Kanté
45%
Fernando Torres
43%
Wayne Rooney
42%
Wesley Sneijder
39%
Zlatan Ibrahimović
38%
2011 Roberto Carlos
37%
Samuel Eto'o
35%
2015 David Beckham
34%
Iker Casillas
34%
Didier Drogba
31%
Andrea Pirlo
27%
2008 Deco
27%
Diego Forlán
19%
2016 Oliver Khan
19%
Radamel Falcao
16%
2014 Francesco Totti
15%
2012 Michael Ballack
10%
2017 Raúl González
6%
2006 Theoedoros Zagorakis
3%
Aucun quiz correspondant
Distribution des résultats
% des personnes avec chaque résultat
Percentile par nombre de réponses
Votre historique - résultats
Vous n’avez pas pris ce quiz depuis la dernière actualisation